00605nam a22001697a 4500003000900000008004100009020002200050040007100072082002300143100002000166245005400186260005400240300001100294505006500305650002300370700004200393AR-CdUCM190423b ||||| |||| 00| 0 spa d a978-607-16-0567-2 aMUNICIPALIDAD PROVINCIAL DEL CUSCOcBIBLIOTECA MUNICIPAL DEL CUSCO aPI / 808.06 /bJ94 aJuster, Norton. aLa recta y el punto :bUn romance matemático / aMéxico :bFondo de cultura económica, c2011. c22 cm. aContenido :La recta y el punto, un romance matemático ...  aCuentos infantiles aGranados Salinas, Tomás (traductor)